Das Werden des deutschen Volkes / (Record no. 78591)

MARC details
000 -LEADER
campo de control de longitud fija 00541nam a2200169 i 4500
001 - NÚMERO DE CONTROL
campo de control 78591
003 - IDENTIFICADOR DE NÚMERO DE CONTROL
campo de control ES-MaACL
005 - FECHA Y HORA DE LA ÚLTIMA TRANSACCIÓN
campo de control 20230906173745.0
007 - CAMPO FIJO DE DESCRIPCIÓN FÍSICA--INFORMACIÓN GENERAL
campo de control de longitud fija t|
008 - DATOS DE LONGITUD FIJA--INFORMACIÓN GENERAL
campo de control de longitud fija 041015s1940 gw ||||1| ger d
100 1# - ENTRADA PRINCIPAL--NOMBRE DE PERSONA
Nombre de persona Haushofer, Karl.
9 (RLIN) 62120
245 14 - MENCIÓN DEL TÍTULO
Título Das Werden des deutschen Volkes /
Mención de responsabilidad, etc. herausgegeben von Karl Haushofer und Hans Roeseler.
260 ## - PUBLICACIÓN, DISTRIBUCIÓN, ETC.
Lugar de publicación, distribución, etc. Propylèaen, Berlin :
Nombre del editor, distribuidor, etc. [Gedruckt im Deutschen Verlag,
Fecha de publicación, distribución, etc. 1940]
300 ## - DESCRIPCIÓN FÍSICA
Extensión 569 p., 145 lám. ;
Dimensiones 24 cm.
700 1# - ENTRADA AGREGADA--NOMBRE PERSONAL
Nombre de persona Roseler, Hans.
9 (RLIN) 99680
852 ## - LOCALIZACIÓN
Ubicación ES-MaACL
Número de control de estantería F-15544
Sublocalización o colección R.19170
Holdings
Estatus retirado Estado de pérdida Estado de daño No para préstamo Biblioteca de origen Biblioteca actual Ubicación en estantería Fecha de adquisición Fuente de adquisición Total de préstamos Signatura topográfica completa Código de barras Visto por última vez Precio de reemplazo Tipo de ítem Koha
        Biblioteca del Ateneo de Madrid Biblioteca del Ateneo de Madrid Sala Pecera Planta 2 17/01/2008     F-15544 1082200 23/02/2023 23/02/2023 Libro impreso